000 01501nam0a2200337 i 4500
001 RU\NLR\bibl\2075330
005 20260409074251.0
010 _a9785090311984
_93000
021 _aRU
_b2013-66286
_94539
035 _a(NLR Aleph) 002071421
090 _a4759563
_c4759563
100 _a20131026d2013 u y0rusy50 ca
101 0 _arus
_aeng
102 _aRU
105 _ay |||||||||
200 1 _aАнглийский язык
_eкнига для учителя
_e11 класс
_eпособие для общеобразовательных организаций
_f[О.В. Афанасьева и др.]
205 _a4-е изд.
210 _aМосква
_cExpress publishing
_cПросвещение
_d2013
215 _a234 c.
_d29
225 1 _aАнглийский в фокусе
300 _aНа обл.: Spotlight: teacher's book: 11 / Virginia Evans , Jenny Dooley, Bob Obee [и др.]
512 1 _6z45790
_aSpotlight
_eteacher's book
_e11
606 _aАнглийский язык
_xПреподавание
_xСредняя школа
_jРуководства, пособия и т.п.
_3RU\NLR\AUTH\661291071
_92142276
686 1 _aЧ426.179Ан2(2)я7
702 1 _4220
_8rus
_7ca
_aАфанасьева
_bО. В.
_cд-р филол. наук
_f1948-
_gОльга Васильевна
_3RU\NLR\AUTH\777326
_9117263
790 1 _6z45512
_aEvans
_bV.
_gVirginia
_4070
801 0 _aRU
_bNLR
_c20130925
_gRCR
801 1 _aRU
_bNLR
_c20130925
942 _cBOOK
980 _aNBR